Bài tập pascal
Giới thiệu tổng quan về các kiểu dữ liệu, các lệnh, chương trình con, kiểu mảng...
Đã lưu trong:
| Tác giả chính: | |
|---|---|
| Định dạng: | Sách |
| Năm xuất bản: |
H.
Đại học quốc gia Hà Nội
2002
|
| Chủ đề: | |
| Tags: |
Thêm thẻ
Không có thẻ, Hãy là người đầu tiên gắn thẻ bản ghi này!
|
| LEADER | 00690nam a2200169 4500 | ||
|---|---|---|---|
| 082 | |a 005.133076 |b NG527Q | ||
| 100 | |a Nguyễn Qúy Khang | ||
| 245 | |a Bài tập pascal |c Nguyễn Qúy Khang, Kiều Văn Hưng | ||
| 260 | |a H. |b Đại học quốc gia Hà Nội |c 2002 | ||
| 300 | |a 342tr. |c 21cm. | ||
| 520 | |a Giới thiệu tổng quan về các kiểu dữ liệu, các lệnh, chương trình con, kiểu mảng... | ||
| 653 | |a Ngôn ngữ lập trình | ||
| 653 | |a Pascal | ||
| 653 | |a Bài tập | ||
| 942 | |2 ddc |c SH | ||
| 999 | |c 7690 |d 7690 | ||
| 952 | |0 0 |1 0 |2 ddc |4 0 |6 005_133076000000000_NG527Q |7 0 |8 000 |9 68542 |a qbu |b qbu |c D2 |d 2015-03-13 |g 34000 |o 005.133076 NG527Q |p 7405.c1 |r 0000-00-00 |w 2015-03-13 |y SH | ||